<?xml version="1.0" encoding="UTF-8"?>
<marc:record xmlns:marc="http://www.loc.gov/MARC21/slim">
   <marc:leader>00000nam a2200000 a 4500</marc:leader>
   <marc:datafield ind1="1" ind2=" " tag="100">
      <marc:subfield code="a">Jensen, Jens Henrik</marc:subfield>
      <marc:subfield code="4">aut</marc:subfield>
      <marc:subfield code="e">Verfasser/-in</marc:subfield>
   </marc:datafield>
   <marc:datafield ind1=" " ind2=" " tag="653">
      <marc:subfield code="a">Thriller</marc:subfield>
   </marc:datafield>
   <marc:datafield ind1=" " ind2=" " tag="653">
      <marc:subfield code="a">Geheimdienst</marc:subfield>
   </marc:datafield>
   <marc:datafield ind1=" " ind2=" " tag="653">
      <marc:subfield code="a">Machtmissbrauch</marc:subfield>
   </marc:datafield>
   <marc:datafield ind1="0" ind2="0" tag="245">
      <marc:subfield code="a">Oxen - der dunkle Mann</marc:subfield>
   </marc:datafield>
   <marc:datafield ind1="0" ind2="0" tag="245">
      <marc:subfield code="b">Thriller</marc:subfield>
   </marc:datafield>
   <marc:datafield ind1=" " ind2="1" tag="264">
      <marc:subfield code="b">dtv</marc:subfield>
      <marc:subfield code="c">2019</marc:subfield>
   </marc:datafield>
   <marc:datafield ind1="1" ind2=" " tag="520">
      <marc:subfield code="a">Niels Oxen, der traumatisierte Elitesoldat, ist untergetaucht. Um dem mächtigen Geheimbund &gt;Danehof&lt; das Handwerk zu legen, hat er Museumsdirektor Malte Bulbjerg brisante Unterlagen zugespielt. Doch kurze Zeit später ist Bulbjerg tot - und ein weiterer Mord wird Oxen in die Schuhe geschoben. Ihm bleibt keine andere Wahl, als aus dem Untergrund heraus zu agieren. Als es der Geheimdienstmitarbeiterin Margrethe Franck gelingt, Oxen aufzuspüren, werden beide vom &gt;Danehof&lt; in eine raffinierte Falle gelockt.</marc:subfield>
   </marc:datafield>
   <marc:datafield ind1=" " ind2=" " tag="020">
      <marc:subfield code="a">9783423217866</marc:subfield>
      <marc:subfield code="9">9783423217866</marc:subfield>
   </marc:datafield>
</marc:record>
